00720nam a2200205Ia 4500999001500000020001800015082002000033100002300053245008900076260002900165300001400194440002500208504002600233650002500259650003100284650003300315650003300348942000700381952012600388 c7846d7846 a9781119962724 a338.23282 CAR-U aCarollo, Salvatore 0aUnderstanding oil prices: a guide to what drives the price of oil in today's markets aWest SussexbWileyc2012 axxix, 168 aWiley finance series aincludes bibliography aPetroleum refineries aPetroleum productsvPrices aTariff on petroleum products aPetroleum Industry and trade cBK 00104070aNASSDOCbNASSDOCd2012-04-02eSSSi2012-03-28l0o338.23282 CAR-Up47564r2019-04-18 00:00:00w2019-04-18yBK